000 00479nam a2200181Ia 4500
005 20250508152957.0
008 008 250505s9999 xx 000 0 hin d
037 _aTextual
040 _aFEDL
_beng
_cFEDL
041 _ahin
_2eng
084 _aFH, KAU
_qFEDL
100 _aKaushik Shiv Kumar
245 0 _aVaishali ki dattak putri
260 _aDelhi, India
_bAtma Ram and Sons
_c1961
300 _a277p.
942 _cTEXL
_hFH, KAU
999 _c1339948
_d1339948